History Quiz

Random History or Clickable Quiz

One Year Earlier Quiz Stats

 Plays Quiz Updated Jan 20, 2017

Challenge
Share
Tweet
Embed
Score 0/24 Timer 06:00
1 Play Today
% Correct
Y2K
92.8%
Super Bowl I
91%
Discovery of Penicillin
91%
1st Retirement of Michael Jordan
89.4%
Civil Rights Act of 1964
89%
Atomic bombing of Hiroshima and Nagasaki
88.2%
Release of The Wizard of Oz
87.9%
MLB strike
86.4%
Pearl Harbor attack
85.8%
Release of Please Please Me
85.5%
First commercial TV stations
84.1%
Abraham Lincoln's assassination
83.7%
% Correct
Richard Nixon's resignation
83.5%
September 11th terrorist attacks
81.9%
Alan Shepard's 1st space flight
81.5%
Miranda v. Arizona decision
81.1%
Elisha Gray's patent filing
78.6%
Operation Desert Storm
77.3%
Death of King William IV
77.1%
Explosion aboard Apollo module
76.4%
Death of King John
71.3%
Space Shuttle Challenger launch
70.3%
Release of Network
63.6%
Martin Luther's 95 Theses
60.1%

You're not logged in!

Compare scores with friends on all Sporcle quizzes.
OR
Log In

You Might Also Like...

Show Comments

Extras

Top Quizzes Today


Score Distribution

Your Account Isn't Verified!

In order to create a playlist on Sporcle, you need to verify the email address you used during registration. Go to your Sporcle Settings to finish the process.

Report this User

Report this user for behavior that violates our Community Guidelines.

Details: